[Event "North Island Championship"]
[Site "Auckland Chess Centre"]
[Date "2012.07.14"]
[Round "7.8"]
[White "Shierlaw, Hamish"]
[Black "Goodhue, Nathan"]
[Result "0-1"]
[WhiteElo "1628"]
[BlackElo "2118"]
[PlyCount "98"]
[EventDate "2012.??.??"]

1. e4 g6 2. d4 Bg7 3. Nc3 d6 4. Nf3 a6 5. Be3 b5 6. Qd2 Bb7 7. Bd3 Nd7 8. a3
Rc8 9. O-O e6 10. Rfe1 h6 11. Rad1 Ne7 12. b4 Kf8 13. Ne2 g5 14. h3 f5 15. exf5
exf5 16. Qc1 Bxf3 17. gxf3 f4 18. Bd2 d5 19. c3 Nf6 20. Qc2 Qd7 21. Kg2 Kf7 22.
Nc1 Rcg8 23. Nb3 Bf8 24. Nc5 Qc8 25. a4 Ng6 26. Bxg6+ Rxg6 27. Nd3 Bd6 28. axb5
axb5 29. Ne5+ Bxe5 30. Rxe5 g4 31. fxg4 Nxg4 32. Qf5+ Qxf5 33. Rxf5+ Ke6 34.
hxg4 Rxg4+ 35. Kf3 Kxf5 36. Re1 Rg6 37. Re5+ Kf6 38. Rxd5 c6 39. Re5 Rd8 40.
Bxf4 Rd5 41. Rxd5 cxd5 42. Be5+ Kf5 43. Bc7 Rc6 44. Bf4 Rxc3+ 45. Be3 h5 46.
Kg3 Ke4 47. Kh4 Rxe3 48. fxe3 Kxe3 49. Kxh5 Kxd4 0-1

[Event "North Island Championship"]
[Site "Auckland Chess Centre"]
[Date "2012.07.14"]
[Round "7.9"]
[White "Tsoi, Nicole"]
[Black "Yang, Scott"]
[Result "1/2-1/2"]
[WhiteElo "1934"]
[BlackElo "2103"]
[PlyCount "64"]
[EventDate "2012.??.??"]

1. d4 d5 2. Bf4 Nf6 3. e3 c5 4. c3 Nc6 5. Nf3 Qb6 6. Na3 a6 7. Rb1 Bg4 8. Be2
e6 9. h3 Bh5 10. Nc2 Bg6 11. O-O Ne4 12. Nh4 Be7 13. Nxg6 hxg6 14. f3 Nf6 15.
Qd2 cxd4 16. cxd4 O-O 17. Kh1 Qd8 18. Rfc1 Rc8 19. b4 b5 20. a3 Nh5 21. Bh2 Bd6
22. Qe1 Bxh2 23. Kxh2 Qd6+ 24. Kg1 Nb8 25. Na1 Nd7 26. Nb3 Nb6 27. Nc5 Nc4 28.
Rb3 Nf6 29. Bd3 Rc7 30. Rd1 Rd8 31. Bb1 Ra7 32. Kh1 Kf8 {(=)} 1/2-1/2

[Event "North Island Championship"]
[Site "Auckland Chess Centre"]
[Date "2012.07.14"]
[Round "7.10"]
[White "Milligan, Helen"]
[Black "Roberts, Michael H"]
[Result "1-0"]
[WhiteElo "2099"]
[BlackElo "1843"]
[PlyCount "79"]
[EventDate "2012.??.??"]

1. e4 e5 2. Nf3 Nc6 3. Bb5 Nf6 4. O-O a6 5. Ba4 Nxe4 6. d4 b5 7. Bb3 d5 8. dxe5
Be6 9. Nbd2 Nxd2 10. Bxd2 Be7 11. c3 O-O 12. Qe2 Na5 13. Bc2 Nc4 14. Bc1 c5 15.
b3 Nb6 16. h3 Qd7 17. Ng5 Bf5 18. Re1 Bxc2 19. Qxc2 Bxg5 20. Bxg5 Rac8 21. Rad1
Qe6 22. f4 Qg6 23. Qxg6 hxg6 24. Re2 f6 25. exf6 gxf6 26. Re6 d4 27. Rxb6 fxg5
28. cxd4 gxf4 29. dxc5 Rxc5 30. Rxg6+ Kf7 31. Rxa6 Rc2 32. Rd7+ Kg8 33. Raa7
Rf5 34. Rd8+ Rf8 35. Rxf8+ Kxf8 36. a4 bxa4 37. Rxa4 Rc1+ 38. Kh2 Rf1 39. b4
Rf2 40. b5 1-0

[Event "North Island Championship"]
[Site "Auckland Chess Centre"]
[Date "2012.07.14"]
[Round "7.11"]
[White "Qin, Joy Shu Yan"]
[Black "Dolejs, Dan"]
[Result "0-1"]
[WhiteElo "1485"]
[BlackElo "1822"]
[PlyCount "74"]
[EventDate "2012.??.??"]

1. e4 d5 2. exd5 Nf6 3. d4 Nxd5 4. Nf3 Bg4 5. h3 Bh5 6. Be2 e6 7. Ne5 Bxe2 8.
Qxe2 Bb4+ 9. c3 Ba5 10. O-O O-O 11. Qf3 c6 12. Nd2 Nd7 13. Nxd7 Qxd7 14. Nc4
Bc7 15. Re1 Rad8 16. Ne3 Ne7 17. Ng4 Ng6 18. Ne5 Nxe5 19. dxe5 Qd5 20. Qg3 f6
21. f4 fxe5 22. fxe5 Rf6 23. Bf4 Rg6 24. Qf2 Rf8 25. Red1 Rxf4 26. Rxd5 Rxf2
27. Kxf2 cxd5 28. Re1 Rg5 29. Re2 Rxe5 30. Rd2 Re4 31. Kf3 Rf4+ 32. Ke3 Ra4 33.
b3 Bf4+ 34. Kd3 Bxd2 35. bxa4 Bxc3 36. Kxc3 e5 37. Kd3 Kf7 0-1

[Event "North Island Championship"]
[Site "Auckland Chess Centre"]
[Date "2012.07.14"]
[Round "7.12"]
[White "Kolev, Hristo"]
[Black "Timergazi, Layla"]
[Result "1-0"]
[WhiteElo "1733"]
[BlackElo "1755"]
[PlyCount "65"]
[EventDate "2012.??.??"]

1. d4 d5 2. c4 c6 3. Nc3 Nf6 4. Nf3 dxc4 5. a4 Bf5 6. Ne5 e6 7. f3 h6 8. e4 Bh7
9. Bxc4 Bb4 10. O-O O-O 11. Kh1 Nbd7 12. Qe1 Nb6 13. Be3 Bd6 14. Be2 Qc7 15. a5
Nbd7 16. Nxd7 Nxd7 17. e5 Be7 18. Ne4 f5 19. exf6 Nxf6 20. Nc5 Bxc5 21. dxc5
Qe5 22. Qc3 Qxc3 23. bxc3 Rfd8 24. a6 Nd5 25. Bd4 Rd7 26. axb7 Rxb7 27. Ra6 Rc8
28. Rfa1 Rcc7 29. Be5 Rc8 30. Rxa7 Rb2 31. Rxg7+ Kf8 32. Rxh7 Rxe2 33. Rh8+ 1-0

[Event "North Island Championship"]
[Site "Auckland Chess Centre"]
[Date "2012.07.14"]
[Round "7.13"]
[White "Liu, Brian"]
[Black "Gong, Daniel"]
[Result "1-0"]
[WhiteElo "1957"]
[BlackElo "1570"]
[PlyCount "57"]
[EventDate "2012.??.??"]

1. d4 d5 2. Nf3 Nf6 3. Bf4 e6 4. e3 Be7 5. Bd3 c5 6. c3 Nc6 7. Nbd2 O-O 8. O-O
c4 9. Bc2 h6 10. Ne5 Nxe5 11. dxe5 Nd7 12. Qe2 Bg5 13. Nf3 Bxf4 14. exf4 Nb8
15. Rfe1 Nc6 16. Nd4 Nxd4 17. cxd4 Qb6 18. Qd2 Kh8 19. Rab1 Bd7 20. b3 Qa6 21.
bxc4 dxc4 22. f5 Rfd8 23. f6 g5 24. Re3 Ba4 25. Rh3 Bxc2 26. Qxc2 Kg8 27. Rxh6
Qxa2 28. Qh7+ Kf8 29. Qh8# 1-0

[Event "North Island Championship"]
[Site "Auckland Chess Centre"]
[Date "2012.07.14"]
[Round "7.14"]
[White "Eade, Don"]
[Black "Wang, Aaron"]
[Result "1-0"]
[WhiteElo "1867"]
[BlackElo "853"]
[PlyCount "67"]
[EventDate "2012.??.??"]

1. e4 c5 2. c3 Nc6 3. Nf3 g6 4. d4 cxd4 5. cxd4 Bg7 6. Nc3 d6 7. Bc4 e6 8. O-O
Nf6 9. Bg5 O-O 10. Qe2 b6 11. e5 dxe5 12. dxe5 Nxe5 13. Nxe5 Bb7 14. Ng4 Qd4
15. Nxf6+ Bxf6 16. Bh6 Bg7 17. Rfd1 Qf6 18. Bxg7 Kxg7 19. Rd7 Rab8 20. Qxe6 Qg5
21. Rxf7+ Rxf7 22. Qxf7+ Kh6 23. g3 Qg4 24. Rd1 Qh3 25. Qf4+ Kg7 26. Bd5 Rf8
27. Qe5+ Kh6 28. Bxb7 Rf5 29. Qe3+ Kg7 30. Rd7+ Rf7 31. Qe5+ Kg8 32. Rd8+ Rf8
33. Bd5+ Qe6 34. Bxe6# 1-0

[Event "North Island Championship"]
[Site "Auckland Chess Centre"]
[Date "2012.07.14"]
[Round "7.15"]
[White "Mukkattu, Philip"]
[Black "Kolev, Stefan"]
[Result "0-1"]
[WhiteElo "1788"]
[BlackElo "1626"]
[PlyCount "94"]
[EventDate "2012.??.??"]

1. d4 d5 2. c4 e6 3. Nc3 Nf6 4. Qc2 c6 5. e3 Nbd7 6. Nf3 Nb6 7. c5 Nbd7 8. b4
Qc7 9. Bd3 e5 10. dxe5 Nxe5 11. Nxe5 Qxe5 12. Bb2 Qg5 13. O-O Qh4 14. f4 Ng4
15. g3 Qe7 16. Rae1 h5 17. e4 d4 18. Nd1 h4 19. Bxd4 hxg3 20. hxg3 Qd7 21. Qc3
Nh2 22. Rf2 Qh3 23. Bc4 Ng4 24. Qf3 Nxf2 25. Nxf2 Qh2+ 26. Kf1 Bh3+ 27. Ke2 Bg2
28. Qe3 f6 29. e5 f5 30. e6 Be4 31. Kd1 Qg2 32. Kc1 Rh2 33. Qc3 O-O-O 34. Re2
Qg1+ 35. Kb2 Be7 36. Ka3 b5 37. Nxe4 Qxd4 38. Qxd4 Rxd4 39. Rxh2 Rxe4 40. Bb3
Re3 41. Rg2 Kb7 42. g4 fxg4 43. Rxg4 Bf6 44. Rg2 a5 45. bxa5 Ka6 46. Rc2 Kxa5
47. Rg2 b4# 0-1

[Event "North Island Championship"]
[Site "Auckland Chess Centre"]
[Date "2012.07.14"]
[Round "8.1"]
[White "Steadman, Michael V R"]
[Black "Li, Luke (Zuhao)"]
[Result "1/2-1/2"]
[WhiteElo "2314"]
[BlackElo "2333"]
[PlyCount "39"]
[EventDate "2012.??.??"]

1. d4 Nf6 2. c4 e6 3. Nc3 Bb4 4. f3 O-O 5. a3 Bxc3+ 6. bxc3 Ne8 7. e4 b6 8. Bd3
Nc6 9. Ne2 Ba6 10. Ng3 Na5 11. Qe2 Rc8 12. e5 c5 13. d5 Qh4 14. f4 Nb3 15. dxe6
dxe6 16. Rb1 Nxc1 17. Rxc1 Qxf4 18. Rd1 Nc7 19. Nh5 Qh4+ 20. g3 1/2-1/2

[Event "North Island Championship"]
[Site "Auckland Chess Centre"]
[Date "2012.07.14"]
[Round "8.2"]
[White "Lim, Benji"]
[Black "Wallis, Christopher"]
[Result "0-1"]
[WhiteElo "2056"]
[BlackElo "2251"]
[PlyCount "62"]
[EventDate "2012.??.??"]

1. Nf3 d5 2. c4 d4 3. d3 Nc6 4. e4 e5 5. Be2 a5 6. O-O Nf6 7. Ne1 Be7 8. f4
exf4 9. Bxf4 Nd7 10. Bg4 Nc5 11. Bxc8 Qxc8 12. Nd2 O-O 13. Ndf3 f5 14. e5 Ne6
15. Qc1 Qd8 16. h4 Bxh4 17. Nxh4 Qxh4 18. g3 Qg4 19. Nf3 h6 20. Kf2 g5 21. Rg1
Kh7 22. Bd2 Nc5 23. Qf1 Ne4+ 24. Ke1 Nxg3 25. Qg2 f4 26. Kf2 Nxe5 27. Rgd1
Nxd3+ 28. Kg1 Rae8 29. Re1 Nxe1 30. Rxe1 Rxe1+ 31. Bxe1 Ne2+ 0-1

[Event "North Island Championship"]
[Site "Auckland Chess Centre"]
[Date "2012.07.14"]
[Round "8.3"]
[White "Smith, Robert W"]
[Black "Duneas, John"]
[Result "1-0"]
[WhiteElo "2333"]
[BlackElo "2226"]
[PlyCount "143"]
[EventDate "2012.??.??"]

1. e4 e6 2. d4 d5 3. Nc3 Nf6 4. Bg5 Be7 5. e5 Nfd7 6. Bxe7 Qxe7 7. f4 O-O 8.
Nf3 c5 9. dxc5 Qxc5 10. Qd2 Nc6 11. O-O-O f6 12. exf6 Nxf6 13. Bd3 Bd7 14. Kb1
Rab8 15. Rhe1 b5 16. Ne2 Ng4 17. Ned4 Nxd4 18. Nxd4 Qd6 19. h3 Nh6 20. g3 a6
21. Re3 Rbe8 22. Rde1 g6 23. c3 Nf5 24. Bxf5 exf5 25. Rxe8 Rxe8 26. Rxe8+ Bxe8
27. Qe3 Bf7 28. a3 Kf8 29. h4 Qc7 30. b3 Qd7 31. Qe5 Qe7 32. Qxe7+ Kxe7 33. Kc2
Kd6 34. b4 Be8 35. Kd3 Bf7 36. Nf3 Be6 37. Kd4 Bf7 38. Ne5 Be8 39. Nd3 Bd7 40.
Ne1 Be6 41. Ng2 h5 42. Ne3 Bf7 43. Nd1 Be6 44. Nf2 Bc8 45. Nd3 Bd7 46. Nc5 Bc8
47. a4 bxa4 48. Nxa4 Bd7 49. Nb6 Be6 50. Na4 Bd7 51. Nc5 Bc8 52. Nd3 Bd7 53.
Ne5 Be8 54. c4 dxc4 55. Nxc4+ Ke6 56. Kc5 Bb5 57. Ne5 Kf6 58. Kd6 Kg7 59. Ke7
Be2 60. Nd7 Bb5 61. Nc5 Be2 62. Ne6+ Kh6 63. Kf6 Bb5 64. Nc7 Bc4 65. Ke7 Kg7
66. Ne8+ Kg8 67. Nd6 Bd5 68. Kf6 Kh7 69. Nf7 Bc6 70. Ne5 Be8 71. Ke7 Bb5 72.
Kf7 1-0

[Event "North Island Championship"]
[Site "Auckland Chess Centre"]
[Date "2012.07.14"]
[Round "8.4"]
[White "Thornton, Gino A"]
[Black "Browne, Jeremy A"]
[Result "1/2-1/2"]
[WhiteElo "2211"]
[BlackElo "2129"]
[PlyCount "53"]
[EventDate "2012.??.??"]

1. d4 e6 2. g3 Nf6 3. Bg2 c5 4. c3 d5 5. Nf3 Nc6 6. O-O Qb6 7. dxc5 Bxc5 8. b4
Bd6 9. Be3 Qc7 10. Qa4 Bd7 11. Qb3 O-O 12. Na3 a6 13. Rfd1 Rac8 14. Rac1 b5 15.
Ne1 Ng4 16. Bd2 Qa7 17. e3 Nce5 18. h3 Nf6 19. e4 Nxe4 20. Bxe4 dxe4 21. Bf4
Nf3+ 22. Nxf3 Bxf4 23. gxf4 exf3 24. c4 bxc4 25. Nxc4 Bb5 26. a4 Bxc4 27. Rxc4
1/2-1/2

[Event "North Island Championship"]
[Site "Auckland Chess Centre"]
[Date "2012.07.14"]
[Round "8.5"]
[White "Zhang, William Jeiwen"]
[Black "Dordevic, Ivan"]
[Result "0-1"]
[WhiteElo "1864"]
[BlackElo "2149"]
[PlyCount "78"]
[EventDate "2012.??.??"]

1. d4 c5 2. d5 Nf6 3. c4 e6 4. Nc3 exd5 5. cxd5 d6 6. e4 g6 7. Bd3 Bg7 8. h3
O-O 9. Bg5 h6 10. Be3 a6 11. a4 Re8 12. Nf3 Nbd7 13. O-O Rb8 14. a5 b5 15. axb6
Nxb6 16. Qd2 Kh7 17. Rfe1 Nfd7 18. Bf4 Qc7 19. Qc2 c4 20. Bf1 Nc5 21. Ra3 Nd3
22. Bxd3 cxd3 23. Qxd3 Nc4 24. Rc1 Nxa3 25. bxa3 Rb3 26. Nd4 Rxa3 27. Qd2 Qa5
28. Bxd6 Ra1 29. Rxa1 Qxa1+ 30. Kh2 Bd7 31. f4 Rc8 32. Nce2 Bb5 33. Nxb5 axb5
34. e5 Qa4 35. Be7 Rc2 36. Qe3 Qa2 37. d6 Rxe2 38. Qxe2 Qxe2 39. d7 Bxe5 0-1

[Event "North Island Championship"]
[Site "Auckland Chess Centre"]
[Date "2012.07.14"]
[Round "8.6"]
[White "Goodhue, Nathan"]
[Black "Milligan, Helen"]
[Result "1/2-1/2"]
[WhiteElo "2118"]
[BlackElo "2099"]
[PlyCount "93"]
[EventDate "2012.??.??"]

1. b3 e5 2. Bb2 d6 3. g3 Nf6 4. Bg2 g6 5. d4 Nbd7 6. d5 Bg7 7. e4 a5 8. c4 Nc5
9. Nc3 Bd7 10. a3 O-O 11. Nge2 Qc8 12. b4 axb4 13. axb4 Rxa1 14. Bxa1 Na6 15.
Qb3 h5 16. h4 Qb8 17. O-O Qc8 18. Bb2 Bh3 19. Bc1 Bxg2 20. Kxg2 c6 21. f3 cxd5
22. cxd5 Qd7 23. Be3 Rc8 24. Kf2 Bf8 25. Rb1 Be7 26. Na4 Bd8 27. b5 Nc5 28.
Nxc5 dxc5 29. Qb2 Qd6 30. Bg5 Ba5 31. Bxf6 Qxf6 32. Nc3 c4 33. Kg2 Qb6 34. Qa3
Bxc3 35. Qxc3 Qd4 36. Rc1 Kf8 37. Qb4+ Qc5 38. Rxc4 Qxb4 39. Rxb4 Rc2+ 40. Kh3
Rc3 41. Ra4 Rb3 42. Ra8+ Ke7 43. Ra5 Kd6 44. Kg2 Rb2+ 45. Kh3 Rb3 46. Kg2 Rb2+
47. Kh3 1/2-1/2

[Event "North Island Championship"]
[Site "Auckland Chess Centre"]
[Date "2012.07.14"]
[Round "8.7"]
[White "Stuart, Peter W"]
[Black "Perry, Roger L"]
[Result "1/2-1/2"]
[WhiteElo "2107"]
[BlackElo "2068"]
[PlyCount "31"]
[EventDate "2012.??.??"]

1. c4 c5 2. Nc3 Nc6 3. g3 g6 4. Bg2 Bg7 5. e3 e5 6. Nge2 Nge7 7. O-O O-O 8. b3
d6 9. Bb2 Rb8 10. d3 Be6 11. e4 Qd7 12. Nd5 Bh3 13. Nxe7+ Nxe7 14. Qd2 Bxg2 15.
Kxg2 f5 16. f3 1/2-1/2

[Event "North Island Championship"]
[Site "Auckland Chess Centre"]
[Date "2012.07.14"]
[Round "8.8"]
[White "Yang, Scott"]
[Black "Dolejs, Dan"]
[Result "1-0"]
[WhiteElo "2103"]
[BlackElo "1822"]
[PlyCount "159"]
[EventDate "2012.??.??"]

1. d4 d5 2. Nf3 Bf5 3. g3 e6 4. Bg2 Nf6 5. c4 c6 6. O-O Nbd7 7. Nc3 dxc4 8. Re1
Bb4 9. Nd2 Nb6 10. a3 Ba5 11. Nf3 Ne4 12. Bd2 Nxd2 13. Qxd2 Qf6 14. Ne5 Rd8 15.
Rad1 O-O 16. e4 Bg6 17. Qe2 Bxc3 18. bxc3 Qe7 19. Nxc4 Nxc4 20. Qxc4 Qxa3 21.
Ra1 Qe7 22. Rxa7 Ra8 23. Rea1 Rxa7 24. Rxa7 Qc7 25. Qc5 h5 26. h4 Rc8 27. e5
Bd3 28. c4 Qb8 29. Ra3 Bf5 30. Qb6 Qc7 31. c5 Qxb6 32. cxb6 Kf8 33. Ra7 Rb8 34.
Kf1 Bd3+ 35. Ke1 Bb5 36. Kd2 f6 37. exf6 gxf6 38. Bf3 e5 39. dxe5 fxe5 40. Bxh5
Ke7 41. Ke3 Ba6 42. Be2 Bxe2 43. Kxe2 Kd6 44. Ra1 Kc5 45. Rb1 Ra8 46. Rb2 Kc4
47. h5 Rg8 48. Kf3 Kd4 49. g4 Rf8+ 50. Kg3 e4 51. Rb4+ Kd5 52. Rb3 c5 53. f3 c4
54. Rb5+ Kc6 55. Rf5 Rxf5 56. gxf5 c3 57. f6 c2 58. f7 c1=Q 59. f8=Q Qg5+ 60.
Kf2 Qd2+ 61. Kf1 e3 62. Qf6+ Kb5 63. Qe5+ Kxb6 64. Qf6+ Kb5 65. Qe5+ Kb4 66.
Qe4+ Ka5 67. Qe5+ b5 68. Qa1+ Kb6 69. Qe1 Qd3+ 70. Qe2 Qb1+ 71. Kg2 Qc1 72. h6
b4 73. h7 Qd2 74. Kf1 Qd4 75. Qc2 Qh4 76. Ke2 Qf2+ 77. Kd3 Qxc2+ 78. Kxc2 b3+
79. Kc3 b2 80. h8=Q 1-0

[Event "North Island Championship"]
[Site "Auckland Chess Centre"]
[Date "2012.07.14"]
[Round "8.9"]
[White "Seabrook, Roy"]
[Black "Tsoi, Nicole"]
[Result "0-1"]
[WhiteElo "1885"]
[BlackElo "1934"]
[PlyCount "36"]
[EventDate "2012.??.??"]

1. e4 e6 2. d4 d5 3. e5 c5 4. c3 Nc6 5. Nf3 Bd7 6. Be2 f6 7. O-O Qc7 8. Re1
Nge7 9. dxc5 fxe5 10. b4 Nf5 11. b5 Nd8 12. Nxe5 Bxc5 13. Bh5+ g6 14. Nxg6 hxg6
15. Bxg6+ Kf8 16. g3 Bxf2+ 17. Kxf2 Rxh2+ 18. Kf1 Bxb5+ 0-1

[Event "North Island Championship"]
[Site "Auckland Chess Centre"]
[Date "2012.07.14"]
[Round "8.10"]
[White "Ang, Alphaeus Wei Ern"]
[Black "Kolev, Hristo"]
[Result "1-0"]
[WhiteElo "1814"]
[BlackElo "1733"]
[PlyCount "69"]
[EventDate "2012.??.??"]

1. d4 Nf6 2. c4 e6 3. Nc3 c5 4. d5 exd5 5. cxd5 d6 6. e4 g6 7. Nf3 Bg7 8. Bd3
O-O 9. O-O Na6 10. Bxa6 bxa6 11. h3 Rb8 12. Qc2 Ne8 13. Bf4 Nc7 14. Rad1 Nb5
15. Nxb5 Rxb5 16. b3 Re8 17. Rfe1 Rb4 18. a3 Rb5 19. e5 Bf5 20. Qc4 dxe5 21.
Nxe5 Qa5 22. g4 Bc8 23. d6 Be6 24. d7 Rd8 25. Nc6 Bxc4 26. Nxa5 Be6 27. Rxe6
fxe6 28. Nc6 e5 29. Nxd8 exf4 30. Nc6 Bf6 31. d8=Q+ Bxd8 32. Rxd8+ Kg7 33. Rb8
Rxb8 34. Nxb8 a5 35. Na6 1-0

[Event "North Island Championship"]
[Site "Auckland Chess Centre"]
[Date "2012.07.14"]
[Round "8.12"]
[White "Timergazi, Layla"]
[Black "Eade, Don"]
[Result "1/2-1/2"]
[WhiteElo "1755"]
[BlackElo "1867"]
[PlyCount "104"]
[EventDate "2012.??.??"]

1. d4 Nf6 2. c4 c6 3. Nc3 d5 4. Bg5 e6 5. e3 Nbd7 6. Nf3 Bb4 7. Bd3 Qa5 8. Qb3
Ne4 9. Bxe4 dxe4 10. Ne5 f6 11. Nxd7 Bxc3+ 12. Qxc3 Qxg5 13. Nc5 Qxg2 14. O-O-O
b6 15. Rdg1 Qf3 16. Nb3 O-O 17. Nd2 Qf5 18. Qc2 c5 19. Qxe4 Qxe4 20. Nxe4 Bb7
21. f3 cxd4 22. exd4 f5 23. Ng5 Rfe8 24. Re1 h6 25. Nxe6 Bxf3 26. Rhf1 Bg4 27.
h4 Kf7 28. d5 Kf6 29. Rg1 Rac8 30. b3 Bf3 31. Kb2 g5 32. hxg5+ hxg5 33. Nxg5
Rxe1 34. Nh7+ Kf7 35. Rxe1 Kg6 36. Re7 Rh8 37. d6 Bc6 38. d7 Bxd7 39. Rxd7 Rxh7
40. Rxh7 Kxh7 41. Kc3 a5 42. Kd4 Kg6 43. a3 Kf6 44. Ke3 Ke5 45. b4 f4+ 46. Kd3
f3 47. Ke3 f2 48. Kxf2 Kd4 49. c5 axb4 50. c6 b3 51. c7 b2 52. c8=Q b1=Q
1/2-1/2

[Event "North Island Championship"]
[Site "Auckland Chess Centre"]
[Date "2012.07.14"]
[Round "8.13"]
[White "Roberts, Michael H"]
[Black "Shierlaw, Hamish"]
[Result "1-0"]
[WhiteElo "1843"]
[BlackElo "1628"]
[PlyCount "145"]
[EventDate "2012.??.??"]

1. d4 Nf6 2. c4 e6 3. Nf3 d5 4. Nc3 Be7 5. e3 O-O 6. Bd3 b6 7. cxd5 Nxd5 8. e4
Nxc3 9. bxc3 Bb7 10. O-O Nd7 11. Qc2 h6 12. Be3 Rc8 13. Rad1 Nf6 14. Bf4 Nh5
15. Bc1 Nf6 16. Ne5 Bd6 17. f4 Nd7 18. Qe2 Bxe5 19. dxe5 Qe7 20. Be3 Nc5 21. f5
exf5 22. exf5 Nxd3 23. Rxd3 Qxe5 24. f6 g6 25. Qd2 g5 26. h4 Rfe8 27. hxg5 hxg5
28. Bxg5 Qe2 29. Qxe2 Rxe2 30. Rg3 Kf8 31. Rd1 Kg8 32. Bh6+ Kh7 33. Be3 Rg8 34.
Rxg8 Kxg8 35. Rd8+ Kh7 36. Bd4 Rxg2+ 37. Kf1 Rxa2 38. Rd7 Kg6 39. Rxc7 Bd5 40.
Rc8 Kh7 {(=)} 41. Rd8 Be6 42. Ra8 Bc4+ 43. Ke1 Bd5 44. Re8 Be6 45. Rxe6 Ra1+
46. Ke2 Ra2+ 47. Ke3 Kg6 48. Re7 Ra3 49. Kd3 Ra2 50. Kc4 Ra3 51. Kd5 Ra5+ 52.
Kc6 Ra4 53. Kd7 b5 54. Ke8 a6 55. Rxf7 a5 56. Rg7+ Kh6 57. f7 Rxd4 58. cxd4
Kxg7 59. f8=Q+ Kg6 60. Ke7 a4 61. Qe8+ Kg5 62. Qxb5+ Kf4 63. Qxa4 Ke4 64. Qc4
Ke3 65. Ke6 Ke4 66. d5+ Ke3 67. Ke5 Kf3 68. Qd3+ Kf2 69. Kf4 Kg2 70. Qe3 Kh2
71. Kf3 Kh1 72. Kf2 Kh2 73. Qh6# 1-0

[Event "North Island Championship"]
[Site "Auckland Chess Centre"]
[Date "2012.07.14"]
[Round "8.14"]
[White "Gong, Daniel"]
[Black "Qin, Joy Shu Yan"]
[Result "1-0"]
[WhiteElo "1570"]
[BlackElo "1485"]
[PlyCount "103"]
[EventDate "2012.??.??"]

1. e4 e6 2. d4 d5 3. e5 c5 4. c3 Nc6 5. Nf3 Qb6 6. Bd3 cxd4 7. cxd4 Bd7 8. Bc2
f6 9. exf6 Nxf6 10. O-O Bd6 11. Re1 O-O 12. Nc3 a6 13. a3 Qc7 14. h3 h6 15. Be3
Na5 16. Bd3 Nc4 17. Bxc4 Qxc4 18. Rc1 Qc7 19. Nxd5 Qd8 20. Nxf6+ Qxf6 21. d5 e5
22. Bd2 Bxh3 23. gxh3 Qxf3 24. Qxf3 Rxf3 25. Bc3 Re8 26. Kg2 Rd3 27. Rcd1 Rxd1
28. Rxd1 e4 29. Bb4 Bf8 30. d6 Rd8 31. Kg3 Kf7 32. Kf4 Ke6 33. Kxe4 Bxd6 34.
Rxd6+ Rxd6 35. Bxd6 Kxd6 36. Kf5 g5 37. Kg6 Ke5 38. Kxh6 Kf4 39. Kg6 b6 40. a4
b5 41. axb5 axb5 42. b4 g4 43. hxg4 Kxg4 44. Kf6 Kf3 45. Ke5 Kxf2 46. Kd5 Ke3
47. Kc5 Ke4 48. Kxb5 Kd5 49. Kb6 Kd6 50. b5 Kd7 51. Kb7 Kd8 52. Ka7 1-0

[Event "North Island Championship"]
[Site "Auckland Chess Centre"]
[Date "2012.07.14"]
[Round "8.15"]
[White "Mukkattu, Philip"]
[Black "Lyall, Simon"]
[Result "0-1"]
[WhiteElo "1788"]
[BlackElo "1880"]
[PlyCount "60"]
[EventDate "2012.??.??"]

1. d4 d5 2. c4 c6 3. Nc3 dxc4 4. e4 b5 5. g3 Nf6 6. Bg2 Bg4 7. Qd2 e6 8. Nxb5
cxb5 9. h3 Bh5 10. f4 Nc6 11. e5 Nd5 12. a3 Rc8 13. Qf2 f5 14. Nf3 Bxf3 15.
Bxf3 Qa5+ 16. Kf1 Qd8 17. Bd2 b4 18. g4 c3 19. Bxd5 Qxd5 20. Rg1 cxd2 21. gxf5
Qxd4 22. Qh4 d1=Q+ 23. Rxd1 Qxd1+ 24. Kg2 Qe2+ 25. Kh1 Qf3+ 26. Kh2 Nd4 27. Rg2
Rc2 28. Rxc2 Nxc2 29. fxe6 Qe2+ 30. Kg3 Qe1+ 0-1